| 000 | 01169nam a2200289 4500 | ||
|---|---|---|---|
| 001 | 174568 | ||
| 003 | ES-MaACL | ||
| 005 | 20250808083900.0 | ||
| 008 | 100506s1775 sp p |||| | spa d | ||
| 080 | _a27(460) | ||
| 080 | _a274.6 | ||
| 100 | 1 |
_aFlórez, Enrique, _d1702-1773 _9142679 |
|
| 240 | 1 | 0 | _aEspaña sagrada |
| 245 | 1 | 0 |
_aEspaña sagrada. _nTomo XXX, _pEl estado antiguo de la Santa iglesia de Zaragoza... _b: y una colección de las epistolas de S. Braulio ... / _csu autor Manuel Risco ... y continuador de las obras del Rmo. Padre maestro Fr. Henrique Florez. |
| 260 |
_aMadrid : _ben la imprenta de Don Antonio de Sancha, _c1775. |
||
| 300 |
_a[28], 340 [i.e. 440] p. ; _c20 cm. |
||
| 500 | _aApéndices, p. 305-440. | ||
| 504 | _aÍndice de las cosas notables del tomo. | ||
| 546 | _aApéndices en latín. | ||
| 600 | 0 | 4 |
_aBraulio _cSanto- _vEpístolas. _9142734 |
| 650 | 7 |
_aDerecho canónico- _xHistoria- _vFuentes _2 _9142733 |
|
| 651 | 4 |
_aEspaña- _xHistoria religiosa- _vFuentes. _9142735 |
|
| 700 | 1 |
_aRisco, Manuel. _997459 |
|
| 852 | 4 |
_aES-MaACL _jR-1617-69 _x C-16767-818 |
|
| 999 |
_c174568 _d174568 |
||